Análisis de la política nacional para la integración social de las personas con discapacidad frente a la discriminación en la realidad chilena /

Detalles Bibliográficos
Formato: Libro
Lenguaje:español
Publicado: Santiago, Chile Universidad Santo Tomás, Escuela de Trabajo Social 2005

MARC

LEADER 00000cam a2200000 a 4500
001 027105
003 UAHC_CL
005 20170803122745.0
008 041129s2003 cl m000 spa
040 |a UAHC_CL  |c UAHC_CL  |d UAHC_CL 
245 1 0 |a Análisis de la política nacional para la integración social de las personas con discapacidad frente a la discriminación en la realidad chilena /  |c Catherine Moller N. 
260 |b Universidad Santo Tomás, Escuela de Trabajo Social  |c 2005  |a Santiago, Chile 
300 |a 24 h. 
900 |a CARPETA-12 BODEGA 
942 |c BK 
952 |0 0  |1 0  |4 0  |6 CARPETA_12_BODEGA  |7 0  |8 Referencia  |9 54208  |a BC  |b BC  |c Referencia  |d 2017-08-03  |l 0  |o CARPETA-12 BODEGA  |p 1356716  |r 2019-01-08 00:00:00  |t 1  |w 2017-08-03  |y BK 
999 |c 27105  |d 27105